000 01373cam a2200205 4500
001 ##L134488
008 060810n2006 000 0 eng u
035 _a(Sirsi) u134488
041 0 _aeng
050 0 4 _a711.1 $2 18
110 2 _aEngland and Wales
_bLocal Government Association
_93545
245 0 0 _aPlanning policies for sustainable building
_bguidance for local development frameworks
260 _aLondon
_bLGA
_c2006
520 _aSets out model policies and guidance on sustainable design and construction. They are designed to make the case to planners, developers and future occupiers for setting higher standards on a range of issues including carbon, water, materials, recycling and biodiversity. They aim to minimise the impact of new buildings both during construction and over their whole life cycle. The report and guidance are the outcome of a joint project between the Local Government Association, Planning Officers Society, Waste and Resources Action Programme, Planning Advisory Service and Enfield London Borough Council.
590 _aIKA220806
651 4 _aEngland
_y886-
690 _aENVIRONMENTAL AND LAND CONSULTANCY-PLANNING AND DEVELOPMENT-PLANNING GUIDANCE
856 4 0 _uhttps://www.waterwise.org.uk/images/site/Policy/planning%20policies%20complete.pdf
_zView the report and guidance free of charge at www.lga.gov.uk...
942 _n0
999 _c105697
_d105697